| 000 | 00660nam a2200205Ia 4500 | ||
|---|---|---|---|
| 001 | 14807 | ||
| 003 | GE_BSU | ||
| 008 | 181216s||||||||xx |||||||||||||| ||und|| | ||
| 040 | _cGE_BSU | ||
| 080 | _a51(075.32) | ||
| 100 | _aАпанасов, П.Т., Орлов, М. И. | ||
| 245 | _aСворник задач по математике. | ||
| 245 | _bУчебное пособие для учащихся сред. спец. учеб. заведений. | ||
| 260 | _aМосква | ||
| 260 | _bВысшая школа. | ||
| 260 | _c1987. | ||
| 300 | _a303стр.22см. | ||
| 653 | _aСворник задач по математике. | ||
| 942 | _cBK | ||
| 999 |
_c47930 _d47930 |
||